00272nam a2200121Ia 4500008004100000100001900041245002800060260002000088300000800108650001000116942000700126999001700133190216s9999||||xx |||||||||||||| ||und|| aRajendra Manav 0aHindi-Yayavar Tagre Hai bUmesh Pubc2006 a135 aHindi cBK c16496d16496